Score 0/10 Timer 01:00
1 Play Today
Clue 4-Letter Word % Correct
☔ Doorbell sound: ____-dong ☔☔ DING ☔
98.2%
What a woman gets on her finger at her engagementRING
97.6%
US coin worth 10¢DIME
95.9%
Eat dinnerDINE
93.4%
Hockey arenaRINK
90.6%
☔ A fee for violating a law ☔☔ FINE ☔
90.6%
One who tattlesFINK
79.7%
Record a song for demonstration purposesDEMO
70.1%
☔ Captain ____, Jules Verne character ☔☔ NEMO ☔
64.6%
Political division of Attica in ancient GreeceDEME
62.4%

Today's Daily Dose

Missing Word
'T' Pairs

Word Ladder
Game Pieces

Get the Picture
Baseball Movies

Remove Ads.
Support Sporcle.
Get the best of Sporcle when you Go Orange. This ad-free experience offers more features, more stats, and more fun while also helping to support Sporcle. Thank you for becoming a member.

You're not logged in!

Compare scores with friends on all Sporcle quizzes.
OR
Log In

Show Comments

Extras

Top Quizzes Today


Score Distribution

Your Account Isn't Verified!

In order to create a playlist on Sporcle, you need to verify the email address you used during registration. Go to your Sporcle Settings to finish the process.

Report this User

Report this user for behavior that violates our Community Guidelines.

Details: